000 00362nam a22001337a 4500
999 _c515543
_d515543
008 210130b ||||| |||| 00| 0 eng d
100 _aPrasad, Kanishka
_924022
245 _aThe case of human suffering
260 _aSocial Scientist
300 _a 48(3-6), Mar-Jun, 2020: p.143-154
773 _aSocial Scientist
906 _aHUMAN RIGHTS
942 _cAR